El Patrimonio Mundial en Eslovaquia

Bibliographic Details
Main Author: Pinčíková, Ľubica (Author)
Other Authors: Dvořáková, Viera, 1953- (Collaborator), Kosová, Katarína (Collaborator), Tuhárska, Anna (Collaborator)
Format: Book
Language:Spanish
Slovak
PhysicalDescription:35 s. fotogr., mp. 15 x 21 cm
Published: Bratislava Pamiatkový úrad Slovenskej republiky [2009]
ISBN:9788089175383
Edition:[1. ed.]
Subjects:

MARC

LEADER 00000cam a2200000 a 4500
001 vtls010060642
003 SK-MaSNL
005 20260425235543.0
008 240318s2009 xo ob g f 000 0 spa
015 |a SNBE2010/02-01313 
020 |a 9788089175383  |q (brož.) 
040 |a SNK  |b slo  |c SNK  |e AACR2 
041 1 |a spa  |h slo 
043 |a e-xo--- 
044 |a xo  |c SK 
072 7 |a 904  |x Kultúrne pamiatky historického obdobia všeobecne  |2 konspekt 
072 7 |a 502  |x Životné prostredie a jeho ochrana  |2 konspekt 
080 |a 72:904  |2 2001 
080 |a (437.6)  |2 2001 
080 |a (036)  |2 2001 
080 |a 930.85  |2 2001 
080 |a 904  |2 2001 
080 |a 72/76:904  |2 2001 
080 |a 502.21(1-751.4)  |2 2001 
100 1 |a Pinčíková, Ľubica  |4 aut  |9 10330 
245 1 0 |a El Patrimonio Mundial en Eslovaquia  |c [autor: Ľubica Pinčíková ; colaboración: Viera Dvořáková, Katarína Kosová, Anna Tuhárska] 
250 |a [1. ed.] 
260 |a Bratislava  |b Pamiatkový úrad Slovenskej republiky  |c [2009] 
300 |a 35 s.  |b fotogr., mp.  |c 15 x 21 cm 
500 |a Názov z obalu 
500 |a Publikácia obsahuje báseň Milana Rúfusa - Pamäť 
650 0 7 |a architektonické pamiatky  |2 SNKPH  |9 28990 
650 0 7 |a prírodné pamiatky  |2 SNKPH  |9 3807 
650 0 7 |a kultúrne dedičstvo  |2 SNKPH  |9 4195 
650 0 7 |a kultúrne pamiatky  |2 SNKPH  |9 2862 
650 0 7 |a umelecké pamiatky  |2 SNKPH  |9 2977 
651 7 |a Slovensko  |2 SNKPH  |9 14231 
655 7 |a informačné publikácie  |2 SNKPH  |9 70181 
700 1 |a Dvořáková, Viera,  |d 1953-  |4 clb  |9 20043 
700 1 |a Kosová, Katarína  |4 clb  |9 6777 
700 1 |a Tuhárska, Anna  |4 clb  |9 267367 
852 |a Štátna vedecká knižnica v Banskej Bystrici 
919 |a 978-80-89175-38-3 
999 |c 832849  |d 834779 
952 |a SNK  |b SNK  |y PREZ  |7 0  |p 17A0653008  |o snkOSE 4540  |i snk2010/6710  |8 0  |0 0  |1 0  |4 0  |d 2010-04-01  |l 0  |r 2026-02-24 03:43:58  |w 2026-02-24 
952 |a SNK  |b SNK  |y VYP  |7 0  |p 17A0653009  |o snkOSE 4540 D1  |i snk2010/6712  |8 0  |0 0  |1 0  |4 0  |d 2010-04-01  |l 0  |r 2026-02-24 03:43:58  |w 2026-02-24